02393nam a2200229Ia 450000500170000000800410001704000700005804100080012808200140013624500290015026000490017930000780022849001030030650005400040950508170094950600210176665000330178765000260182065100450184685601640189185601080205520170214085553.0130821k18721886sp |||fr 1 spa d aCo-BoUCMbspacSandra Yazo (modificó)dSandra Yazo (modificó)0 aspa04a860.322010aEscritores del siglo XVI aMadrid (España)bM. Rivadeneyrac1872-1886 a2 volúmenes ( cxviii, 491, [1] ; xxii, 684, [1] páginas)c26 x 17 cm. 0aBiblioteca de autores españoles, desde la formación del lenguaje hasta nuestros díasv27v37 aDetalles físicos: Encuadernación rígida (holandesa) en cartón forrado en papel. Lomo en cuero con nervaduras sobre costuras y adornos en dorado. Guardas en papel de agua. Hoja de cortesía. Anteportada. Portada impresa en una sola tinta con un escudo grabado (Castilla-León). Texto impreso en una y dos columnas, separadas por una línea vertical. Notas al pie de página. Cintas Para señalar la lectura. Papel con manchas de oxidación. Tapas con residuos de cinta pegante, bordes con raspaduras y dobleces en esquinas0 aV.1: Juicios críticos sobre estos autores ; Obras de San Juan de la Cruz: Subida al Monte Carmelo ; Noche oscura del alma ; Cántico Espiritual ; Llama de amor viva ; Instrucción y cautelas ; Cartas espirituales ; Obras del Maestro Fray Pedro Malón de Chaide: La conversión de la Magdalena ; Serón de Orígenes para la fiesta de la Resurrección del Señor ; Obras del Maestro Fray Hernando de Zárate: Discurso de la paciencia cristiana -- V.2: Vida de Fr ; Luis de León ; Juicio crítico ; Extractos del proceso incoado por la Inquisición en contra suya ; Obras del Maestro Fray Luis de León: De los nombres de Cristo ; La perfecta casada ; Traducción y Declaración del Libro de los Cantares, de Salomón ; Respuesta a sus émulos, desde la prisión ; Exposición del Libro de Job aConsulta en sala 7aAutoreszEspañaySiglo XVI 7aLiteratura española 4aEspañaxLiteraturaxAutoresySiglo XVI41uhttps://books.google.com.co/books?id=8Us9_APXxhQC&printsec=frontcover&hl=es&source=gbs_ge_summary_r&cad=0#v=onepage&q&f=falsezDisponible en línea V.2 (1855)41uhttps://archive.org/stream/escritoresdelsi00escrgoog#page/n8/mode/2upzDisponible en línea V.1 (1862)